000 00631nam a22002177a 4500
003 UA-OsUOA
001 81883
007 ta
008 20120209b un ||||| |||| 00| 0 ukr d
100 _aМихасюк І.Р.
090 _a330(477)
_bМ69
942 _cSA
040 _aUA-OsUOA
_bukr
_cUA-OsUOA
_dUA-OsUOA
245 _aГлобалізація і регіоналізація: місце України
300 _aС.7-14
955 _a0
041 _aukr
080 _a330(477)
773 0 _w81882
_tРегіональна економіка
_dЛьвів
_d2011
_g4
650 7 _a330 Економіка взагалі
_2UDC
999 _c368192
_d368192